All Faces in Geometry Dash - Statistics

General Stats
  • This quiz has been taken 17 times
  • The average score is 10 of 12
Answer Stats
Picture Answer % Correct
Easy
100%
Hard
100%
Normal
100%
Easy Demon
80%
Extreme Demon
80%
Hard Demon
80%
Medium Demon
80%
Auto
73%
Harder
73%
Insane
73%
N/A
73%
Insane Demon
67%
No matching quizzes found
Score Distribution
Percent of People with Each Score
Percentile by Number Answered
Your Score History
You have not taken this quiz